00632nam a2200157 a 4500008004100000050001800041100001700059245004000076246004600116260005300162350000900215650002000224995008700244999001700331952012600348120416s1959 ||||||||||||||||| || u aHB 903.F4 Bac aBack, Kurt W14aThe survey under unusual conditions athe Jamaica human fertility investigation aNew YorkbSociety for Applied Anthropologyc1959 a0.00 aHUMAN FERTILITY D0.00FCBU-MAIN LIBRARY (Kitwe)H1I0.00M1UAVAILABLEZAnnex Low-Usage Collection  c59184d59184 00102lcc4070a001b001cAnnex Low-Usage Collection d2022-11-30l0oHB 903.F4 Bacp002584r2022-11-30w2022-11-30y002